000 00690nam a2200241 a 4500
001 45536
003 BD-RjUL
005 20211209054029.0
008 160726s1985 enk||||| |||| 00| 0 eng d
020 _a0813302226
020 _a0813302234 (pbk)
035 _a(BD-RjUL)45654
040 _aBD-RjUL
_beng
_cBD-RjUL
_dBD-RjUL
041 _aeng
082 _223
_a951.05
_bCHI 1985
245 _aChina briefing, 1984 /
_cedited by Steven M. Goldstein
260 _aLondon :
_bWestview press,
_c1985
300 _ax, 139 p. :
_bill. ;
_c25 cm.
500 _aIncludes Index
651 _aChina
_vHistory
_x1976-
_9139395
700 _aGoldstein, Steven M. edited by
_9139396
942 _2ddc
_cBK
999 _c45536
_d45536